Anatomy & physiology : Laboratory textbook. Essentials version

Сохранить в:
Библиографические подробности
Формат: Sách
Язык:Undetermined
Опубликовано:  McGraw Hill  2010
Предметы:
Метки: Добавить метку
Нет меток, Требуется 1-ая метка записи!
Thư viện lưu trữ: Trung tâm Thư viện - Trường Đại học Công nghiệp TP. Hồ Chí Minh
LEADER 00458nam a2200133Ia 4500
001 UIH_05163
008 231011s9999 xx 000 0 und d
082 |a  612 
245 0 |a  Anatomy & physiology : Laboratory textbook. Essentials version 
260 |b  McGraw Hill 
260 |c  2010 
650 |a  Sinh lý người; Giải phẫu học;  
927 |a Sách 
980 |a Trung tâm Thư viện - Trường Đại học Công nghiệp TP. Hồ Chí Minh